Mlieko situačná a výhľadová správa

Bibliographic Details
Main Authors: Nádašský, Stanislav (Author), Ješko, Jozef (Author)
Format: Book
Language:Slovak
PhysicalDescription:[22] s. tab. 30 cm
Published: [Bratislava Výskumný ústav ekonomiky poľnohospodárstva a potravinárstva] 1996
ISBN:8088731208
Subjects:

MARC

LEADER 00000nam a2200000 a 4500
001 vtls001217997
003 SK-MaSNL
005 20260302065014.0
008 240318s1996 xo a y 0 slo
015 |a SNBF1996/0201009 
020 |a 8088731208 
035 |a SNK000161322 
040 |a SNK  |b slo  |c SNK  |e AACR2 
041 0 |a slo 
044 |a xo  |c SK 
080 |a 637.12.001.5(085)"1995"  |2 1981 
100 1 |a Nádašský, Stanislav  |4 aut  |9 11304 
245 1 0 |a Mlieko  |b situačná a výhľadová správa  |c [autori správy: Stanislav Nádašský, Jozef Ješko] 
260 |a [Bratislava  |b Výskumný ústav ekonomiky poľnohospodárstva a potravinárstva]  |c 1996 
300 |a [22] s.  |b tab.  |c 30 cm 
648 7 |a 1995  |2 SNK  |9 284798 
650 0 7 |a mlieko  |2 SNKPH  |9 3942 
650 0 7 |a spotrebiteľské ceny  |2 SNK  |9 355052 
700 1 |a Ješko, Jozef  |4 aut  |9 12469 
919 |a 80-88731-20-8 
958 |a FVM 
958 |a TL 
999 |c 1140121  |d 1142051 
952 |t P60, <03>, [BOOK], {603}  |a SNK  |b SNK  |y PREZ  |7 0  |p 17A0005481  |o snkOSB 10795  |i snkKSP 5142/96  |0 0  |1 0  |4 0  |d 1996-06-07  |l 0  |r 2005-01-01 00:00:00  |w 2026-02-24 
952 |t P60, <09>, [BOOK], {629}  |a SNK  |b SNK  |y NEVYP  |7 0  |o snkB 595  |i snk2081/960610  |0 0  |1 0  |4 0  |d 1996-06-07  |l 0  |r 2005-01-01 00:00:00  |w 2026-02-24 
952 |t P60, <04>, [BOOK], {604}  |a SNK  |b SNK  |y VYP  |7 0  |p 17A0009602  |o snkOSB 10795 D1  |i snkKSP 7457/96  |0 0  |1 0  |4 0  |d 1996-09-10  |l 0  |r 2005-01-01 00:00:00  |w 2026-02-24